[Event "SVK Extraliga 2019-20"]
[Site "Slovakia"]
[Date "2019.10.20"]
[Round "2.1"]
[White "Mazur, Stefan"]
[Black "Pechac, Jergus"]
[Result "1-0"]
[WhiteElo "2435"]
[BlackElo "2491"]
[Annotator "ChessBase"]
[PlyCount "111"]
[EventDate "2019.10.19"]
[EventType "team-tourn"]
[EventCountry "SVK"]
[SourceTitle "playchess.com"]
[Source "ChessBase"]
[SourceQuality "1"]
[WhiteTeam "Liptovska"]
[BlackTeam "Zilina"]
[TimeControl "40/5400+30:1800+30"]

1. e4 {[%emt 0:00:00]} c5 {[%emt 0:00:00]} 2. Nf3 {[%emt 0:00:00]} d6 {[%emt 0:00:00]} 3. d4 {[%emt 0:00:00]} cxd4 {[%emt 0:00:19]} 4. Nxd4 {[%emt 0:00:00]} Nf6 {[%emt 0:00:30]} 5. Nc3 {[%emt 0:00:21]} a6 {[%emt 0:00:30]} 6. h3 {[%emt 0:00:30]} e6 {[%emt 0:00:30]} 7. g4 {[%emt 0:00:30]} Nfd7 {[%emt 0:00:30]} 8. Be3 {[%emt 0:00:30]} Be7 {[%emt 0:00:30]} 9. g5 {[%emt 0:00:30]} b5 {[%emt 0:00:30]} 10. a3 {[%emt 0:00:30]} Qc7 {[%emt 0:00:30]} 11. h4 {[%emt 0:00:30]} Nc6 {[%emt 0:00:30]} 12. Nxc6 {[%emt 0:00:30]} Qxc6 {[%emt 0:00:30]} 13. Qd4 {[%emt 0:00:30]} O-O {[%emt 0:00:30]} 14. O-O-O {[%emt 0:00:30]} Ne5 {[%emt 0:00:30]} 15. f4 {[%emt 0:00:30]} Ng4 {[%emt 0:00:30]} 16. Bg1 {[%emt 0:00:30]} h5 {[%emt 0:00:30]} 17. gxh6 {[%emt 0:00:30]} Nxh6 {[%emt 0:00:30]} 18. Rh2 {[%emt 0:00:30]} Re8 {[%emt 0:00:30]} 19. Rg2 {[%emt 0:00:30]} Bf8 {[%emt 0:00:30]} 20. Be3 {[%emt 0:00:30]} Ng4 {[%emt 0:00:30]} 21. Bd2 {[%emt 0:00:30]} f5 {[%emt 0:00:30]} 22. Bd3 {[%emt 0:00:30]} Qc5 {[%emt 0:00:30]} 23. Qxc5 {[%emt 0:00:30]} dxc5 {[%emt 0:00:30]} 24. Be2 {[%emt 0:00:30]} Bb7 {[%emt 0:00:30]} 25. Bxg4 {[%emt 0:00:30]} fxg4 {[%emt 0:00:30]} 26. Re1 {[%emt 0:00:30]} b4 {[%emt 0:00:30]} 27. Na4 {[%emt 1:17:47]} Rad8 {[%emt 1:06:39]} 28. Rxg4 {[%emt 0:05:27]} a5 {[%emt 0:13:38]} 29. Rg5 {[%emt 0:01:28]} e5 {[%emt 0:03:43]} 30. axb4 {[%emt 0:02:33]} cxb4 {[%emt 0:07:05]} 31. Rxe5 {[%emt 0:00:08]} Rxe5 {[%emt 0:00:13]} 32. fxe5 {[%emt 0:00:02]} Bc6 {[%emt 0:01:03]} 33. b3 {[%emt 0:02:24]} Be7 {[%emt 0:00:58]} 34. h5 {[%emt 0:01:48]} Bxa4 {[%emt 0:01:18]} 35. bxa4 {[%emt 0:00:05]} Rd4 {[%emt 0:00:31]} 36. Rg1 {[%emt 0:03:00]} Kf7 {[%emt 0:00:27]} 37. Rg4 {[%emt 0:00:58]} Rd8 {[%emt 0:00:07]} 38. Bg5 {[%emt 0:01:23]} Bxg5+ {[%emt 0:00:11]} 39. Rxg5 {[%emt 0:00:02]} Rd4 {[%emt 0:00:19]} 40. e6+ {[%emt 0:01:02]} Kxe6 {[%emt 0:00:15]} 41. Rxg7 {[%emt 0:03:54]} Rxe4 {[%emt 0:05:09]} 42. Rg5 {[%emt 0:08:19]} Rh4 {[%emt 0:01:46]} 43. Rxa5 {[%emt 0:00:12]} Kd7 {[%emt 0:00:06]} 44. Kb2 {[%emt 0:02:21]} Rh3 {[%emt 0:00:28]} 45. Rc5 {[%emt 0:04:38]} Kd6 {[%emt 0:00:14]} 46. Rc4 {[%emt 0:00:54]} Rxh5 {[%emt 0:01:23]} 47. Kb3 {[%emt 0:00:09]} Rh1 {[%emt 0:00:03]} 48. Kxb4 {[%emt 0:01:22]} Rb1+ {[%emt 0:00:22]} 49. Ka5 {[%emt 0:00:59]} Rb2 {[%emt 0:00:16]} 50. Ka6 {[%emt 0:00:14]} Kd7 {[%emt 0:00:44]} 51. a5 {[%emt 0:00:10]} Kd6 {[%emt 0:00:06]} 52. Ka7 {[%emt 0:00:24]} Kd7 {[%emt 0:00:21]} 53. a6 {[%emt 0:00:12]} Rb5 {[%emt 0:00:51]} 54. Ka8 {[%emt 0:00:17]} Rb6 {[%emt 0:07:22]} 55. a7 {[%emt 0:00:18]} Rb2 {[%emt 0:02:44]} 56. Rc3 {[%emt 0:00:08]} 1-0

[Event "SVK Extraliga 2019-20"]
[Site "Slovakia"]
[Date "2019.10.20"]
[Round "2.1"]
[White "Sahidi, Samir"]
[Black "Cernousek, Lukas"]
[Result "0-1"]
[WhiteElo "2374"]
[BlackElo "2458"]
[Annotator "ChessBase"]
[PlyCount "104"]
[EventDate "2019.10.19"]
[EventType "team-tourn"]
[EventCountry "SVK"]
[SourceTitle "playchess.com"]
[Source "ChessBase"]
[SourceQuality "1"]
[BlackTeam "Dubnica"]
[TimeControl "40/5400+30:1800+30"]

1. d4 {[%emt 0:00:00]} Nf6 {[%emt 0:00:00]} 2. c4 {[%emt 0:00:01]} g6 {[%emt 0:00:00]} 3. g3 {[%emt 0:01:37]} Bg7 {[%emt 0:00:00]} 4. Bg2 {[%emt 0:00:16]} d5 {[%emt 0:00:04]} 5. Nf3 {[%emt 0:01:18]} dxc4 {[%emt 0:00:34]} 6. Na3 {[%emt 0:04:40]} c3 {[%emt 0:01:48]} 7. bxc3 {[%emt 0:02:20]} O-O {[%emt 0:00:03]} 8. O-O {[%emt 0:01:20]} c5 {[%emt 0:00:04]} 9. Ne5 {[%emt 0:05:38]} Nd5 {[%emt 0:06:59]} 10. Bb2 {[%emt 0:01:35]} Nc6 {[%emt 0:29:08]} 11. Nac4 {[%emt 0:13:10]} Nxe5 {[%emt 0:06:21]} 12. Nxe5 {[%emt 0:00:29]} Bxe5 {[%emt 0:00:13]} 13. dxe5 {[%emt 0:00:33]} Be6 {[%emt 0:00:31]} 14. Rc1 {[%emt 0:06:12]} Rb8 {[%emt 0:04:12]} 15. Ba3 {[%emt 0:04:49]} Qa5 {[%emt 0:08:17]} 16. Bxd5 {[%emt 0:03:53]} Rbd8 {[%emt 0:13:09]} 17. e4 {[%emt 0:01:44]} Qxa3 {[%emt 0:00:47]} 18. Qf3 {[%emt 0:01:15]} Bxd5 {[%emt 0:05:20]} 19. exd5 {[%emt 0:00:14]} Qxa2 {[%emt 0:00:05]} 20. c4 {[%emt 0:02:51]} Qa6 {[%emt 0:10:38]} 21. Rfd1 {[%emt 0:06:00]} b6 {[%emt 0:02:21]} 22. h4 {[%emt 0:00:43]} Qc8 {[%emt 0:00:33]} 23. Kg2 {[%emt 0:00:35]} h5 {[%emt 0:05:07]} 24. Ra1 {[%emt 0:01:58]} Qc7 {[%emt 0:00:55]} 25. Qe4 {[%emt 0:00:40]} Kg7 {[%emt 0:01:53]} 26. Rd3 {[%emt 0:03:35]} Rd7 {[%emt 0:01:13]} 27. Rf3 {[%emt 0:02:22]} f5 {[%emt 0:02:33]} 28. Qf4 {[%emt 0:01:44]} e6 {[%emt 0:00:15]} 29. d6 {[%emt 0:01:12]} Qd8 {[%emt 0:00:48]} 30. Rfa3 {[%emt 0:01:15]} Rff7 {[%emt 0:00:05]} 31. Ra6 {[%emt 0:02:50]} Kh7 {[%emt 0:00:06]} 32. R1a3 {[%emt 0:05:18]} Qa8+ {[%emt 0:00:22]} 33. Qf3 {[%emt 0:04:51]} Qxf3+ {[%emt 0:01:31]} 34. Kxf3 {[%emt 0:00:24]} Kh6 {[%emt 0:00:21]} 35. Kf4 {[%emt 0:01:40]} Rb7 {[%emt 0:00:10]} 36. Ra1 {[%emt 0:02:31]} Rh7 {[%emt 0:00:39]} 37. R6a2 {[%emt 0:06:43]} Rhg7 {[%emt 0:00:48]} 38. f3 {[%emt 0:02:38]} Rgf7 {[%emt 0:00:22]} 39. Ke3 {[%emt 0:00:25]} Kg7 {[%emt 0:00:36]} 40. Kd3 {[%emt 0:00:58]} Kf8 {[%emt 0:00:33]} 41. Kc3 {[%emt 0:31:34]} Ke8 {[%emt 0:06:57]} 42. Kb3 {[%emt 0:00:00]} Kd8 {[%emt 0:00:03]} 43. Ka4 {[%emt 0:00:00]} Kc8 {[%emt 0:01:46]} 44. Kb5 {[%emt 0:00:00]} Kb8 {[%emt 0:00:32]} 45. Rg1 {[%emt 0:00:00]} Rf8 {[%emt 0:02:25]} 46. Rh2 {[%emt 0:00:00]} a6+ {[%emt 0:05:07]} 47. Kxa6 {[%emt 0:00:00]} Ka8 {[%emt 0:09:44]} 48. Kb5 {[%emt 0:00:00]} Ra7 {[%emt 0:00:14]} 49. Kxb6 {[%emt 0:00:00]} Rc8 {[%emt 0:00:13]} 50. d7 {[%emt 0:08:44]} Rb7+ {[%emt 0:00:13]} 51. Ka5 {[%emt 0:00:13]} Rcb8 {[%emt 0:00:11]} 52. d8=Q {[%emt 0:00:09]} Ra7# 0-1

[Event "SVK Extraliga 2019-20"]
[Site "Slovakia"]
[Date "2019.10.20"]
[Round "2.2"]
[White "Plat, Vojtech"]
[Black "Macko, Miroslav"]
[Result "1-0"]
[WhiteElo "2573"]
[BlackElo "2303"]
[Annotator "ChessBase"]
[PlyCount "55"]
[EventDate "2019.10.19"]
[EventType "team-tourn"]
[EventCountry "SVK"]
[SourceTitle "playchess.com"]
[Source "ChessBase"]
[SourceQuality "1"]
[WhiteTeam "Modra"]
[TimeControl "40/5400+30:1800+30"]

1. b3 {[%emt 0:00:00]} e5 {[%emt 0:01:14]} 2. Bb2 {[%emt 0:00:00]} Nc6 {[%emt 0:00:05]} 3. e3 {[%emt 0:00:00]} d5 {[%emt 0:03:44]} 4. Bb5 {[%emt 0:00:34]} Bd6 {[%emt 0:04:46]} 5. f4 {[%emt 0:00:24]} f6 {[%emt 0:01:16]} 6. fxe5 {[%emt 0:08:44]} fxe5 {[%emt 0:00:47]} 7. Nf3 {[%emt 0:04:13]} Bg4 {[%emt 0:06:56]} 8. h3 {[%emt 0:00:16]} Bxf3 {[%emt 0:07:29]} 9. Qxf3 {[%emt 0:01:00]} Qh4+ {[%emt 0:04:05]} 10. g3 {[%emt 0:10:13]} Qg5 {[%emt 0:01:04]} 11. Nc3 {[%emt 0:00:05]} e4 {[%emt 0:05:46]} 12. Qg4 {[%emt 0:03:03]} Qxg4 {[%emt 0:13:52]} 13. hxg4 {[%emt 0:00:19]} Nge7 {[%emt 0:01:13]} 14. Bxc6+ {[%emt 0:04:36]} bxc6 {[%emt 0:00:13]} 15. Ne2 {[%emt 0:00:04]} O-O {[%emt 0:02:24]} 16. Nf4 {[%emt 0:00:05]} Ng6 {[%emt 0:06:49]} 17. Ke2 {[%emt 0:00:43]} Ne5 {[%emt 0:03:01]} 18. Rh5 {[%emt 0:02:05]} Nxg4 {[%emt 0:09:18]} 19. Rg5 {[%emt 0:00:56]} Nf6 {[%emt 0:00:20]} 20. Ne6 {[%emt 0:01:11]} Rf7 {[%emt 0:00:43]} 21. Rf1 {[%emt 0:03:13]} Re8 {[%emt 0:03:19]} 22. Rxf6 {[%emt 0:00:48]} Rxf6 {[%emt 0:00:16]} 23. Rxg7+ {[%emt 0:00:08]} Kh8 {[%emt 0:00:10]} 24. Bxf6 {[%emt 0:00:04]} Rxe6 {[%emt 0:00:25]} 25. Rg6+ {[%emt 0:00:05]} Rxf6 {[%emt 0:00:19]} 26. Rxf6 {[%emt 0:00:01]} Kg7 {[%emt 0:00:11]} 27. Rf5 {[%emt 0:00:04]} Kg6 {[%emt 0:01:11]} 28. g4 {[%emt 0:00:01]} 1-0

[Event "SVK Extraliga 2019-20"]
[Site "Slovakia"]
[Date "2019.10.20"]
[Round "2.2"]
[White "Bulski, Krzysztof"]
[Black "Zilka, Stepan"]
[Result "1/2-1/2"]
[WhiteElo "2525"]
[BlackElo "2536"]
[Annotator "ChessBase"]
[PlyCount "53"]
[EventDate "2019.10.19"]
[EventType "team-tourn"]
[EventCountry "SVK"]
[SourceTitle "playchess.com"]
[Source "ChessBase"]
[SourceQuality "1"]
[WhiteTeam "Dunajov"]
[BlackTeam "Prakovce"]
[TimeControl "40/5400+30:1800+30"]

1. e4 {[%emt 0:00:00]} c6 {[%emt 0:00:00]} 2. d4 {[%emt 0:00:00]} d5 {[%emt 0:00:00]} 3. Nc3 {[%emt 0:00:00]} dxe4 {[%emt 0:00:06]} 4. Nxe4 {[%emt 0:00:00]} Nd7 {[%emt 0:00:04]} 5. Bc4 {[%emt 0:00:47]} Ngf6 {[%emt 0:00:32]} 6. Ng5 {[%emt 0:00:47]} e6 {[%emt 0:00:07]} 7. Qe2 {[%emt 0:00:25]} Nb6 {[%emt 0:00:06]} 8. Bd3 {[%emt 0:00:24]} h6 {[%emt 0:02:55]} 9. N5f3 {[%emt 0:00:06]} c5 {[%emt 0:02:25]} 10. dxc5 {[%emt 0:00:29]} Bxc5 {[%emt 0:00:12]} 11. Ne5 {[%emt 0:00:32]} Nbd7 {[%emt 0:01:54]} 12. Ngf3 {[%emt 0:00:42]} Nxe5 {[%emt 0:04:17]} 13. Nxe5 {[%emt 0:00:27]} O-O {[%emt 0:03:59]} 14. O-O {[%emt 0:00:21]} Qc7 {[%emt 0:02:51]} 15. Bf4 {[%emt 0:12:23]} Qe7 {[%emt 0:09:43]} 16. Rad1 {[%emt 0:11:51]} Rd8 {[%emt 0:00:05]} 17. c3 {[%emt 0:07:09]} Bd7 {[%emt 0:02:15]} 18. Nxd7 {[%emt 0:00:39]} Rxd7 {[%emt 0:00:16]} 19. Bc2 {[%emt 0:04:38]} Rad8 {[%emt 0:01:12]} 20. Rxd7 {[%emt 0:00:24]} Rxd7 {[%emt 0:00:08]} 21. Rd1 {[%emt 0:00:17]} Rxd1+ {[%emt 0:04:17]} 22. Bxd1 {[%emt 0:01:00]} Nd5 {[%emt 0:04:41]} 23. Bc1 {[%emt 0:01:04]} e5 {[%emt 0:02:59]} 24. Qg4 {[%emt 0:11:19]} Nf6 {[%emt 0:06:28]} 25. Qc8+ {[%emt 0:07:14]} Kh7 {[%emt 0:00:02]} 26. Qf5+ {[%emt 0:00:39]} g6 {[%emt 0:01:01]} 27. Qh3 {[%emt 0:00:43]} 1/2-1/2

[Event "SVK Extraliga 2019-20"]
[Site "Slovakia"]
[Date "2019.10.20"]
[Round "2.2"]
[White "Bernasek, Jan"]
[Black "Haring, Filip"]
[Result "0-1"]
[WhiteElo "2490"]
[BlackElo "2294"]
[Annotator "ChessBase"]
[PlyCount "70"]
[EventDate "2019.10.19"]
[EventType "team-tourn"]
[EventCountry "SVK"]
[SourceTitle "playchess.com"]
[Source "ChessBase"]
[SourceQuality "1"]
[BlackTeam "Liptovska"]
[TimeControl "40/5400+30:1800+30"]

1. d4 {[%emt 0:00:00]} Nf6 {[%emt 0:00:04]} 2. c4 {[%emt 0:00:00]} e6 {[%emt 0:00:06]} 3. Nc3 {[%emt 0:00:09]} Bb4 {[%emt 0:00:07]} 4. e3 {[%emt 0:00:18]} O-O {[%emt 0:01:22]} 5. Nf3 {[%emt 0:00:15]} d5 {[%emt 0:01:15]} 6. Bd3 {[%emt 0:00:10]} c5 {[%emt 0:00:49]} 7. O-O {[%emt 0:00:13]} Nc6 {[%emt 0:01:06]} 8. a3 {[%emt 0:00:26]} Bxc3 {[%emt 0:00:22]} 9. bxc3 {[%emt 0:00:06]} dxc4 10. Bxc4 {[%emt 0:00:05]} Qc7 {[%emt 0:01:23]} 11. Bb2 {[%emt 0:00:56]} Rd8 {[%emt 0:01:44]} 12. Qe2 {[%emt 0:04:04]} e5 {[%emt 0:10:31]} 13. h3 {[%emt 0:01:21]} Bf5 {[%emt 0:06:14]} 14. Rfd1 {[%emt 0:04:26]} e4 {[%emt 0:10:50]} 15. Nd2 {[%emt 0:02:06]} Bg6 {[%emt 0:02:03]} 16. Rdc1 {[%emt 0:05:34]} Ne7 {[%emt 0:10:48]} 17. a4 {[%emt 0:03:18]} Nf5 {[%emt 0:03:30]} 18. Ba3 {[%emt 0:05:54]} b6 {[%emt 0:00:16]} 19. Rab1 {[%emt 0:01:00]} Nh4 {[%emt 0:01:19]} 20. Qe1 {[%emt 0:11:37]} Nd5 {[%emt 0:10:35]} 21. Bf1 {[%emt 0:09:51]} Qe7 {[%emt 0:04:22]} 22. Qd1 {[%emt 0:08:59]} Bf5 {[%emt 0:03:54]} 23. Kh1 {[%emt 0:07:01]} Rac8 {[%emt 0:03:27]} 24. Nc4 {[%emt 0:15:28]} Rc6 {[%emt 0:02:17]} 25. Ne5 {[%emt 0:06:18]} Rh6 {[%emt 0:00:06]} 26. Ng4 {[%emt 0:00:50]} Rg6 {[%emt 0:07:23]} 27. dxc5 {[%emt 0:03:01]} Bxg4 {[%emt 0:03:07]} 28. hxg4 {[%emt 0:01:47]} Qc7 {[%emt 0:05:54]} 29. g5 {[%emt 0:07:37]} Rxg5 {[%emt 0:02:14]} 30. cxb6 {[%emt 0:00:20]} Nxb6 {[%emt 0:02:22]} 31. Qe2 {[%emt 0:01:08]} Nf3 {[%emt 0:00:16]} 32. Qxf3 {[%emt 0:01:07]} exf3 {[%emt 0:00:09]} 33. g3 {[%emt 0:00:05]} Rd2 {[%emt 0:01:14]} 34. Rd1 {[%emt 0:00:50]} Rxf2 {[%emt 0:00:42]} 35. Bd6 {[%emt 0:00:07]} Rxf1+ {[%emt 0:01:27]} 0-1

[Event "SVK Extraliga 2019-20"]
[Site "Slovakia"]
[Date "2019.10.20"]
[Round "2.2"]
[White "Nemeth, Miklos"]
[Black "Nayhebaver, Martin"]
[Result "1-0"]
[WhiteElo "2488"]
[BlackElo "2481"]
[Annotator "RC"]
[PlyCount "123"]
[EventDate "2019.10.19"]
[EventType "team-tourn"]
[EventCountry "SVK"]
[SourceTitle "playchess.com"]
[Source "ChessBase"]
[SourceQuality "1"]
[WhiteTeam "Streda"]
[BlackTeam "Zilina"]
[TimeControl "40/5400+30:1800+30"]

1. e4 {[%emt 0:00:00]} c5 {[%emt 0:00:00]} 2. Nf3 {[%emt 0:00:00]} d6 {[%emt 0:00:08]} 3. d4 {[%emt 0:00:00]} cxd4 {[%emt 0:00:06]} 4. Qxd4 {[%emt 0:00:00]} Nf6 {[%emt 0:00:23]} 5. Nc3 {[%emt 0:01:44]} Nc6 {[%emt 0:00:34]} 6. Bb5 {[%emt 0:00:07]} Bd7 {[%emt 0:00:04]} 7. Bxc6 {[%emt 0:00:10]} Bxc6 {[%emt 0:00:06]} 8. Bg5 {[%emt 0:00:06]} e6 {[%emt 0:00:25]} 9. O-O-O {[%emt 0:00:07]} Be7 {[%emt 0:00:24]} 10. Qd3 {[%emt 0:00:22]} Qa5 {[%emt 0:01:46]} 11. h4 {[%emt 0:00:05]} h6 {[%emt 0:02:08]} 12. Bd2 {[%emt 0:00:05]} Qc7 {[%emt 0:02:58]} 13. Nd4 {[%emt 0:01:52]} a6 {[%emt 0:03:35]} 14. f4 {[%emt 0:07:07]} d5 {[%emt 0:08:17]} 15. e5 {[%emt 0:00:24]} Nd7 {[%emt 0:02:30]} 16. Qg3 {[%emt 0:03:08]} O-O-O {[%emt 0:14:48]} 17. Qxg7 {[%emt 0:04:50]} Bc5 {[%emt 0:02:23]} 18. Nce2 {[%emt 0:05:34]} Bxd4 {[%emt 0:17:23]} 19. Nxd4 {[%emt 0:00:10]} Nc5 {[%emt 0:00:04]} 20. Qg3 {[%emt 0:09:16]} Rdg8 {[%emt 0:01:03]} 21. Qf3 {[%emt 0:00:54]} h5 {[%emt 0:00:14]} 22. Be1 {[%emt 0:03:37]} Rg4 {[%emt 0:02:35]} 23. g3 {[%emt 0:02:18]} Rhg8 {[%emt 0:01:02]} 24. Qa3 {[%emt 0:04:47]} Ne4 {[%emt 0:04:22]} 25. Rd3 {[%emt 0:00:38]} Bb5 {[%emt 0:04:32]} 26. Nxb5 {[%emt 0:12:17]} axb5 {[%emt 0:00:08]} 27. Rf1 {[%emt 0:02:12]} Kb8 {[%emt 0:06:38]} 28. Bb4 {[%emt 0:07:05]} Qb6 {[%emt 0:19:49]} 29. Be1 {[%emt 0:10:28]} Qc7 {[%emt 0:01:05]} 30. Rff3 {[%emt 0:06:23]} Rc8 {[%emt 0:00:48]} 31. Bc3 {[%emt 0:04:20]} Qc4 {[%emt 0:02:13]} 32. b3 {[%emt 0:01:46]} Qc6 {[%emt 0:01:02]} 33. Qb2 {[%emt 0:01:31]} Rcg8 {[%emt 0:00:57]} 34. Be1 {[%emt 0:00:46]} Qc5 {[%emt 0:00:43]} 35. Rfe3 {[%emt 0:01:27]} Qb6 {[%emt 0:01:08]} 36. Qa3 {[%emt 0:01:20]} Nc5 {[%emt 0:00:19]} 37. Rd4 {[%emt 0:02:24]} Qa7 {[%emt 0:00:48]} 38. Qb4 {[%emt 0:01:33]} Ne4 {[%emt 0:00:49]} 39. Kb2 {[%emt 0:02:39]} Rc8 {[%emt 0:00:27]} 40. c3 {[%emt 0:04:36]} Qa6 {[%emt 0:00:41]} 41. Qe7 {[%emt 0:02:12]} Rg7 {[%emt 0:06:37]} 42. f5 {[%emt 0:06:19]} Qb6 {[%emt 0:00:54]} 43. fxe6 {[%emt 0:03:25]} Qxe6 {[%emt 0:00:23]} 44. Qb4 {[%emt 0:00:12]} Qc6 {[%emt 0:04:14]} 45. Red3 {[%emt 0:08:19]} Rg4 {[%emt 0:00:10]} 46. Rf3 {[%emt 0:00:17]} Nc5 {[%emt 0:09:01]} 47. Rff4 {[%emt 0:08:26]} Rcg8 {[%emt 0:02:45]} 48. Rd1 {[%emt 0:01:03]} Ne6 {[%emt 0:06:54]} 49. Rxg4 {[%emt 0:00:06]} Rxg4 {[%emt 0:00:04]} 50. Qd6+ {[%emt 0:01:27]} Qxd6 {[%emt 0:00:07]} 51. exd6 {[%emt 0:00:04]} Re4 {[%emt 0:00:03]} 52. Bd2 {[%emt 0:01:31]} Re2 {[%emt 0:02:23]} 53. Ka3 {[%emt 0:00:43]} Kc8 {[%emt 0:00:45]} 54. Bf4 {[%emt 0:01:17]} d4 {[%emt 0:00:14]} 55. cxd4 {[%emt 0:00:08]} Nxf4 {[%emt 0:00:13]} 56. gxf4 {[%emt 0:00:05]} Kd7 {[%emt 0:00:25]} 57. Rg1 {[%emt 0:00:24]} Re4 {[%emt 0:03:02]} 58. Rg5 {[%emt 0:00:16]} b4+ {[%emt 0:00:32]} 59. Kxb4 {[%emt 0:00:30]} Rxf4 {[%emt 0:00:01]} 60. Rxh5 {[%emt 0:00:17]} Rxd4+ {[%emt 0:00:06]} 61. Kc5 {[%emt 0:00:06]} Rxd6 {[%emt 0:00:07]} 62. Rd5 {[%emt 0:00:22]} 1-0

[Event "SVK Extraliga 2019-20"]
[Site "Slovakia"]
[Date "2019.10.20"]
[Round "2.2"]
[White "Chovan, Milan"]
[Black "Markos, Jan"]
[Result "1/2-1/2"]
[WhiteElo "2318"]
[BlackElo "2572"]
[Annotator "ChessBase"]
[PlyCount "54"]
[EventDate "2019.10.19"]
[EventType "team-tourn"]
[EventCountry "SVK"]
[SourceTitle "playchess.com"]
[Source "ChessBase"]
[SourceQuality "1"]
[WhiteTeam "Podhajska"]
[BlackTeam "Snina"]
[TimeControl "40/5400+30:1800+30"]

1. d4 {[%emt 0:00:00]} Nf6 {[%emt 0:00:01]} 2. c4 {[%emt 0:00:00]} e6 {[%emt 0:00:10]} 3. Nc3 {[%emt 0:00:00]} Bb4 {[%emt 0:00:05]} 4. Qc2 {[%emt 0:00:00]} O-O {[%emt 0:00:10]} 5. a3 {[%emt 0:00:00]} Bxc3+ {[%emt 0:00:13]} 6. Qxc3 {[%emt 0:00:00]} b5 {[%emt 0:01:14]} 7. cxb5 {[%emt 0:00:09]} c6 {[%emt 0:00:07]} 8. Bg5 {[%emt 0:00:34]} cxb5 {[%emt 0:00:10]} 9. e3 {[%emt 0:00:14]} Bb7 {[%emt 0:00:26]} 10. Nf3 {[%emt 0:00:55]} h6 {[%emt 0:00:26]} 11. Bh4 {[%emt 0:00:08]} a6 {[%emt 0:02:40]} 12. Bd3 {[%emt 0:11:10]} d6 {[%emt 0:14:24]} 13. O-O {[%emt 0:08:24]} Nbd7 {[%emt 0:06:19]} 14. Bg3 {[%emt 0:07:34]} Qb6 {[%emt 0:09:27]} 15. Rac1 {[%emt 0:07:51]} Rfc8 {[%emt 0:06:31]} 16. Qb4 {[%emt 0:00:53]} Be4 {[%emt 0:01:03]} 17. Be2 {[%emt 0:02:32]} Ne8 {[%emt 0:00:54]} 18. Nd2 {[%emt 0:03:38]} Bc6 {[%emt 0:01:10]} 19. Rfe1 {[%emt 0:06:10]} a5 {[%emt 0:05:06]} 20. Qb3 {[%emt 0:00:26]} Ndf6 {[%emt 0:03:34]} 21. f3 {[%emt 0:07:34]} Rab8 {[%emt 0:16:05]} 22. Qd3 {[%emt 0:04:48]} b4 {[%emt 0:01:29]} 23. Nc4 {[%emt 0:01:38]} Qd8 {[%emt 0:00:25]} 24. Qd2 {[%emt 0:03:28]} Nh5 {[%emt 0:06:02]} 25. Bf2 {[%emt 0:01:40]} Nhf6 {[%emt 0:00:28]} 26. Bg3 {[%emt 0:00:23]} Nh5 {[%emt 0:00:18]} 27. Bf2 {[%emt 0:00:05]} Nhf6 {[%emt 0:00:16]} 1/2-1/2

[Event "SVK Extraliga 2019-20"]
[Site "Slovakia"]
[Date "2019.10.20"]
[Round "2.3"]
[White "Kriebel, Tadeas"]
[Black "Jakab, Bela"]
[Result "1-0"]
[WhiteElo "2528"]
[BlackElo "2244"]
[Annotator "ChessBase"]
[PlyCount "79"]
[EventDate "2019.10.19"]
[EventType "team-tourn"]
[EventCountry "SVK"]
[SourceTitle "playchess.com"]
[Source "ChessBase"]
[SourceQuality "1"]
[WhiteTeam "Snina"]
[BlackTeam "Komarno"]
[TimeControl "40/5400+30:1800+30"]

1. e4 {[%emt 0:00:00]} e6 {[%emt 0:00:00]} 2. d4 {[%emt 0:00:00]} d5 {[%emt 0:00:00]} 3. Nc3 {[%emt 0:00:00]} Bb4 {[%emt 0:00:00]} 4. e5 {[%emt 0:00:00]} Ne7 {[%emt 0:00:00]} 5. a3 {[%emt 0:00:00]} Bxc3+ {[%emt 0:00:00]} 6. bxc3 {[%emt 0:00:00]} c5 {[%emt 0:00:07]} 7. Qg4 {[%emt 0:00:00]} Qc7 {[%emt 0:00:58]} 8. Qxg7 {[%emt 0:00:06]} Rg8 {[%emt 0:00:06]} 9. Qxh7 {[%emt 0:00:03]} cxd4 {[%emt 0:00:07]} 10. Qd3 {[%emt 0:00:03]} dxc3 {[%emt 0:03:05]} 11. Nf3 {[%emt 0:04:50]} Bd7 {[%emt 0:02:11]} 12. h4 {[%emt 0:01:29]} Nbc6 {[%emt 0:01:40]} 13. Qxc3 {[%emt 0:01:08]} O-O-O {[%emt 0:01:47]} 14. Bg5 {[%emt 0:02:00]} Rde8 {[%emt 0:13:19]} 15. Bd3 {[%emt 0:02:23]} Ng6 {[%emt 0:07:55]} 16. Bxg6 {[%emt 0:00:14]} fxg6 {[%emt 0:00:09]} 17. O-O {[%emt 0:03:33]} Na5 {[%emt 0:02:22]} 18. Qxc7+ {[%emt 0:03:06]} Kxc7 {[%emt 0:00:07]} 19. Bf6 {[%emt 0:00:37]} Ba4 {[%emt 0:02:19]} 20. Nd4 {[%emt 0:31:13]} Kd7 {[%emt 0:01:24]} 21. Rfb1 {[%emt 0:00:17]} Rc8 {[%emt 0:00:51]} 22. Ra2 {[%emt 0:00:29]} Rc3 {[%emt 0:07:05]} 23. Rb4 {[%emt 0:01:08]} Bc6 {[%emt 0:00:10]} 24. f3 {[%emt 0:06:30]} b6 {[%emt 0:02:06]} 25. Kf2 {[%emt 0:00:23]} Rc8 {[%emt 0:01:33]} 26. g4 {[%emt 0:01:42]} Bb7 {[%emt 0:11:39]} 27. h5 {[%emt 0:00:46]} Rf8 {[%emt 0:16:03]} 28. hxg6 {[%emt 0:05:17]} Ba6 {[%emt 0:03:49]} 29. g7 {[%emt 0:00:47]} Rg8 {[%emt 0:00:12]} 30. Ra1 {[%emt 0:00:38]} Nc6 {[%emt 0:01:46]} 31. Rh1 {[%emt 0:05:42]} Nxb4 {[%emt 0:00:49]} 32. axb4 {[%emt 0:00:26]} Rc4 {[%emt 0:05:52]} 33. Ke3 {[%emt 0:00:19]} Bb7 {[%emt 0:00:56]} 34. Rh8 {[%emt 0:00:49]} Rcc8 {[%emt 0:00:07]} 35. b5 {[%emt 0:00:31]} a5 {[%emt 0:01:01]} 36. bxa6 {[%emt 0:00:05]} Bxa6 {[%emt 0:00:04]} 37. Kf4 {[%emt 0:01:15]} b5 {[%emt 0:00:36]} 38. Kg5 {[%emt 0:01:02]} b4 {[%emt 0:00:04]} 39. Kh6 {[%emt 0:00:46]} Bf1 {[%emt 0:01:39]} 40. Rxg8 {[%emt 0:00:27]} 1-0